| 000 | 00570nam a22002177a 4500 | ||
|---|---|---|---|
| 003 | OSt | ||
| 005 | 20140310181939.0 | ||
| 008 | 130724t xxu||||| |||| 00| 0 eng d | ||
| 020 | _a1853262242 | ||
| 050 |
_aPR 6003 _b.B471 1994 |
||
| 082 |
_aCLA _bB43a 1994 |
||
| 100 |
_aBennett, Arnold _93583 |
||
| 245 |
_aAnna of the five towns / _cArnold Bennett. |
||
| 260 |
_aLondon : _bWordsworth editions, _c1994. |
||
| 300 |
_a176 p. ; _c20 cm. |
||
| 541 | _j1 | ||
| 562 | _e1 | ||
| 650 |
_aFiction. _9746 |
||
| 700 |
_aBennett, Arnold _93584 |
||
| 942 |
_2lcc _cBBK _kCLA |
||
| 999 |
_c7621 _d7621 |
||